00995nas a2200277Ia 4500001002800000003001000028008004100038040002500079041001300104100002000117210001800137222001800155245003900173250001100212260000900223501012300232300001400355362002400369500004100393650002500434700001100459942000700470957000600477999003300483952020100516A50/R024-26526 [r000020280]IT-MiCISF161014c99999999xx |||||||||||| ||und|| aIT-MiCISFcIT-MiCISF aITALIANO aDel Colle Beppe aFamiglia oggi aFamiglia oggi 0aUn naturale istinto alla libertà a1a ed. c1998 bCISF - Centro Internazionale Studi Famiglia - Via Giotto, 36 20145 MILANO (non commercial uses only)cCopyright 2016 app. 70-71 an. 5, maggio [1998] a Tema: pedagogia, educazione-bambini aEDUCAZIONEvarticolo aAA.VV. cCR 71 a26526bSig1c243083d243083 0010406A_50_000000000000000_R02426526_R00002028071aCISFbCISFd2016-10-14l0oA50/R024-26526 [r000020280]r2016-10-14 00:00:00w2016-10-14yCRzData import 15.10.2016 / by Epidotti, Vaglietti